000 00829nam a2200265Ia 4500
003 OSt
005 20220928101742.0
006 a|||||r|||| 00| 0
007 ta
008 220927b |||||||| |||| 00| 0 hin d
020 _c200
024 _a114189
037 _b160, 02/01/2012, Vidyanidhi Prakashan
_cTextual
040 _aSDCL
_cSDCL
_bhin
041 _2hin
_ahin
082 _aO15,3NPM,1, Q1
100 _aPandey Mohan Lal Au.
_9394772
245 0 _aPadmini
_b Aik addhayan.
260 _aJaipur
_bRashtiya Sanskrit Sahitya Kendra
_c2011
300 _a122p
_ccm.
650 _aSanskrit
_9391587
700 _a Bishnoi Shiv Kumar Ed.
_9394773
942 _hO15,3NPM,1, Q1
_cTEXL
_2CC
999 _c710374
_d710374